Films avec Tom Hardy par images - Statistiques

Statistiques générales
  • Ce quiz a été pris 67 fois
  • Le résultat moyen est 7 sur 20
Statistiques - réponses
Par images Réponse % Correct
Venom
100%
The Dark Knight Rises
98%
Mad Max: Fury Road
93%
Peaky Blinders
93%
The Revenant
48%
Dunkerque
46%
Inception
41%
Bronson
21%
Legend
21%
Warrior
20%
La Chute du faucon noir
15%
Des hommes sans loi
10%
Locke
10%
RockNRolla
10%
Capone
8%
Marie-Antoinette
8%
Quand vient la nuit
7%
Enfant 44
5%
La Taupe
3%
La Grande Inondation
0%
Aucun quiz correspondant
Distribution des résultats
% des personnes avec chaque résultat
Percentile par nombre de réponses
Votre historique - résultats
Vous n’avez pas pris ce quiz